Catálogo

Vista normal Vista MARC

Entrada Personal Name

Número de registros utilizados en: 1

001 - CONTROL NUMBER

  • control field: 10458

003 - CONTROL NUMBER IDENTIFIER

  • control field: DLC

005 - DATE AND TIME OF LATEST TRANSACTION

  • control field: 20210706100634.0

008 - FIXED-LENGTH DATA ELEMENTS

  • fixed length control field: 880923n| acannaab |a aaa

010 ## - LIBRARY OF CONGRESS CONTROL NUMBER

  • LC control number: n 88004247

035 ## - SYSTEM CONTROL NUMBER

  • System control number: (DLC)n 88004247

040 ## - CATALOGING SOURCE

  • Original cataloging agency: DLC
  • Transcribing agency: Mx-PuUPA
  • Modifying agency: DLC
  • Modifying agency: Mx-PuUPA
  • Language of cataloging: spa
  • Description conventions: rda

100 10 - HEADING--PERSONAL NAME

  • Personal name: Hitchmough, James,

374 ## - OCCUPATION

  • Occupation: Autor

375 ## - GENDER

  • Gender: hombre

377 ## - ASSOCIATED LANGUAGE

  • Language code: eng

400 10 - SEE FROM TRACING--PERSONAL NAME

  • Personal name: Hitchmough, J. D.
  • Fuller form of name: (James D.)

670 ## - SOURCE DATA FOUND

  • Source citation: His Gardener's choice, 1987:
  • Information found: t.p. (James Hitchmough)

670 ## - SOURCE DATA FOUND

  • Source citation: Urban landscape manangement, c1994:
  • Information found: t.p. (J.D. Hitchmough) Aus. CIP (hdg.: Hitchmough, James) jkt. (now works in the Hort. Dept. of the Scottish Agri. Coll. at Ayr in Scotland; PhD, Univ. of Bath, U.K.)

670 ## - SOURCE DATA FOUND

  • Source citation: Sowing beauty: Desing flowering meadows from Seed, c2017:
  • Information found: t.p. (James Hitchmough)

670 ## - SOURCE DATA FOUND

  • Source citation: Biblioteca del congreso (Estados Unidos), 29 enero 2020:
  • Information found: Catálogo electrónico
  • Uniform Resource Identifier: http://bit.ly/3aPZ2Qx